000
00302nam a2200109Ia 4500
008
171211s9999 xx 000 0 und d
245
_a
Wind Energy Engineering
245
_c
Pramod Jain
260
_c
2010
650
_x
Engineering and Technology
856
_u
http://down.ebook777.com/064/0071714774.pdf
999
_c
350305
_d
350305